[Event "ITA-ch Lombardia Seniors"]
[Site "Robecchetto"]
[Date "2011.12.30"]
[Round "6"]
[White "Macchiettini, Pierangelo"]
[Black "Tamassia, Gabriele"]
[Result "1/2-1/2"]
[WhiteElo "1756"]
[BlackElo "1733"]
[PlyCount "27"]
[EventDate "2011.12.27"]
[EventType "swiss"]
[EventRounds "6"]
[EventCountry "ITA"]
[SourceTitle "EXT 2024"]
[Source "ChessBase"]
[SourceDate "2023.10.10"]
[SourceVersion "1"]
[SourceVersionDate "2023.10.10"]
[SourceQuality "1"]

1. d4 Nf6 2. c4 d6 3. Nc3 Nbd7 4. e4 c6 5. Nf3 e5 6. Be2 Be7 7. 0-0 0-0 8. Qc2 a6 9. h3 Qc7 10. Be3 Re8 11. Rfd1 Bf8 12. Rac1 c5 13. dxc5 Nxc5 14. Nd5 1/2-1/2

[Event "Robecchetto op-B 20th"]
[Site "Robecchetto"]
[Date "2009.12.28"]
[Round "3"]
[White "Moroni, Luca Jr"]
[Black "Tamassia, Gabriele"]
[Result "1-0"]
[WhiteElo "1572"]
[BlackElo "1773"]
[PlyCount "109"]
[EventDate "2009.12.27"]
[EventType "swiss"]
[EventRounds "6"]
[EventCountry "ITA"]
[SourceTitle "EXT 2023"]
[Source "ChessBase"]
[SourceDate "2022.10.05"]
[SourceVersion "1"]
[SourceVersionDate "2022.10.05"]
[SourceQuality "1"]

1. e4 e6 2. d4 d5 3. exd5 exd5 4. Bd3 Bd6 5. Nf3 Ne7 6. 0-0 Bg4 7. h3 Bh5 8. Re1 0-0 9. Bxh7+ Kh8 10. Bd3 c6 11. Nbd2 Qc7 12. c3 Na6 13. Qc2 Bg6 14. Bxg6 Nxg6 15. c4 Rfe8 16. Rxe8+ Rxe8 17. cxd5 cxd5 18. Qxc7 Bxc7 19. Nb3 Re2 20. Bd2 f6 21. Kf1 Re7 22. Re1 Rxe1+ 23. Kxe1 Nf4 24. Bxf4 Bxf4 25. g3 Bd6 26. a3 b6 27. Nh4 Nc7 28. Nf5 Bf8 29. Ke2 g6 30. Ne3 Kg7 31. Nc1 Kf7 32. Nd3 g5 33. f4 Ke6 34. h4 Bh6 35. f5+ Kd6 36. Ng4 Bg7 37. hxg5 fxg5 38. f6 Bf8 39. Nde5 Ne6 40. Kd3 a5 41. Ng6 b5 42. N4e5 Kc7 43. Nxf8 Nxf8 44. Nf3 Ne6 45. f7 Kd7 46. Nxg5 Nf8 47. Ke3 Ke7 48. Kf3 Kf6 49. Nh3 Ne6 50. f8Q+ Nxf8 51. Nf4 Nd7 52. Nxd5+ Kg5 53. Nc3 b4 54. axb4 axb4 55. Na2 1-0

[Event "Robecchetto op-B 19th"]
[Site "Robecchetto"]
[Date "2008.12.30"]
[Round "6"]
[White "Tamassia, Gabriele"]
[Black "Zito, Riccardo"]
[Result "1-0"]
[WhiteElo "1810"]
[BlackElo "1575"]
[PlyCount "141"]
[EventDate "2008.12.27"]
[EventType "swiss"]
[EventRounds "6"]
[EventCountry "ITA"]
[SourceTitle "EXT 2011"]
[Source "ChessBase"]
[SourceDate "2010.11.26"]
[SourceVersion "1"]
[SourceVersionDate "2010.11.26"]
[SourceQuality "1"]

1. c4 Nf6 2. Nc3 g6 3. g3 Bg7 4. Bg2 0-0 5. e4 e5 6. Nge2 Nc6 7. d3 d6 8. 0-0 h6 9. a3 a5 10. Rb1 Re8 11. Bd2 Nh7 12. Qc1 g5 13. Nd5 Ne7 14. b4 c6 15. Nxe7+ Qxe7 16. bxa5 Nf8 17. Bb4 Ne6 18. Qb2 Qd7 19. Bh3 h5 20. Bf5 Bf6 21. Qd2 Bd8 22. Kh1 c5 23. Bc3 Qa4 24. Ra1 f6 25. Bg6 Re7 26. Bxh5 Bxa5 27. Bxa5 Qxa5 28. Qxa5 Rxa5 29. Nc3 Nc7 30. Bg6 Kg7 31. Bf5 Bxf5 32. exf5 b5 33. Nxb5 Nxb5 34. cxb5 Rxb5 35. Rfc1 Ra7 36. Rcb1 Rba5 37. Rb6 R5a6 38. Rxa6 Rxa6 39. Kg2 g4 40. f3 gxf3+ 41. Kxf3 d5 42. Ke3 Kh6 43. Kf3 Kg5 44. g4 Ra4 45. h4+ Kh6 46. Ra2 Rf4+ 47. Kg3 Rd4 48. a4 Rxd3+ 49. Kf2 Rb3 50. a5 Rb7 51. a6 Ra7 52. Ra5 c4 53. Rxd5 Rxa6 54. Rc5 Ra2+ 55. Ke3 Rc2 56. Rc6 Kg7 57. g5 fxg5 58. hxg5 Rg2 59. Rc7+ Kf8 60. g6 Rg5 61. Ke4 Rg1 62. Kxe5 Ra1 63. Rxc4 Ra5+ 64. Kf6 Ra6+ 65. Kg5 Ra8 66. Rc5 Rb8 67. f6 Rd8 68. Rc7 Kg8 69. Kh6 Rf8 70. f7+ Rxf7 71. Rxf7 1-0

[Event "Pedavena op-A 2nd"]
[Site "Pedavena"]
[Date "2006.08.03"]
[Round "4"]
[White "Colombo, Sandro"]
[Black "Tamassia, Gabriele"]
[Result "1-0"]
[WhiteElo "1864"]
[BlackElo "1655"]
[PlyCount "53"]
[EventDate "2006.08.01"]
[EventType "swiss"]
[EventRounds "7"]
[EventCountry "ITA"]
[SourceTitle "EXT 2023"]
[Source "ChessBase"]
[SourceDate "2022.10.05"]
[SourceVersion "1"]
[SourceVersionDate "2022.10.05"]
[SourceQuality "1"]

1. c4 Nf6 2. Nc3 g6 3. e4 d6 4. d4 Nfd7 5. Be2 Bg7 6. Nf3 0-0 7. 0-0 e5 8. Be3 Nc6 9. Qd2 exd4 10. Nxd4 Nxd4 11. Bxd4 f6 12. Rad1 Qe7 13. Nd5 Qd8 14. b4 Nb6 15. Be3 Nxd5 16. Qxd5+ Kh8 17. c5 a5 18. b5 Re8 19. cxd6 Re5 20. dxc7 Qxd5 21. Rxd5 Rxd5 22. exd5 Kg8 23. d6 f5 24. Rd1 Bd7 25. Bf3 Be5 26. Bxb7 Re8 27. Bc6 1-0